000 005890000a22001810004500
999 _c54113
_d54113
001 768714001
003 CO-MdFUSB
005 20170811105304.0
008 170811s2000 xxu||||| |||| 00| 0 eng d
022 _a0098-9444
040 _aCO-MdFUSB
_bspa
_cCO-MdFUSB
_dCO-MdFUSB
041 _aeng
245 1 0 _aAbraham's Ur :
_b is the pope going to the wrong place?
300 _aVolumen 26. Número 1 (2000), Páginas 16-19
_c28 cm.
546 _aTexto en inglés
773 0 _tBiblical Archaeology Review
_049395
_959476
_gVolumen 26. Número 1 (2000), Páginas 16-19
_qPágina 16
942 _cANA